Materials science and engineering : an introduction /

Guardado en:
Autor Principal: Callister, William D., 1940-
Formato: Libro
Idioma:English
Publicado: New York : Wiley & Sons, c1997.
Edición:4th ed.
Materias:
Acceso en línea:Tabla de contenido
Etiquetas: Agregar Etiqueta
Sin Etiquetas, Sea el primero en etiquetar este registro!
LEADER 01255pam a22002775a 4500
001 EIQ.libpla001094
008 960510s1997####nyuafo###b####001#0#eng#d
005 20080313172229.0
245 1 0 |a Materials science and engineering :  |b an introduction /  |c William D. Callister, Jr. 
250 |a 4th ed. 
260 |a New York :  |b Wiley & Sons,  |c c1997. 
300 |a xx, 852 p., [4] p. de láms. :  |b il. (algunas col.), fotos ;  |c 26 cm. 
500 |a La biblioteca posee el "Solutions manual materials science and engineering: an introduction". 4th ed. 
504 |a Incluye referencias bibliográficas e índice. 
020 |a 0471134597 (cloth : acid-free paper) 
100 1 |a Callister, William D.,  |d 1940- 
082 0 0 |a 620.1/1  |2 20 
650 4 |a Ciencia e ingeniería  |x Materiales. 
650 4 |a Science and engineering  |x Materials. 
010 |a  96018784  
040 |a DLC  |c DLC  |d AR-BbSID 
856 4 |3 Tabla de contenido  |u http://www.loc.gov/catdir/toc/onix06/96018784.html 
859 |a AR-BbSID  |b BIB. PLAPIQUI  |h 620.11  |i C 133  |p 4684  |t Ej. 2  |v Ej. 2 
859 |a AR-BbSID  |b BIB. PLAPIQUI  |h 620.11  |i C 133  |p 4697  |t Ej. 3  |v Ej. 3 
859 |a AR-BbSID  |b BIB. PLAPIQUI  |h 620.11  |i C 133  |p 5203  |t Ej. 4  |v Ej. 4 
859 |a AR-BbSID  |b BIB. PLAPIQUI  |h 620.11  |i C 133  |p 5204  |t Ej. 5  |v Ej. 5